| 000 | 00638nam a2200229Ia 4500 | ||
|---|---|---|---|
| 005 | 20240327113834.0 | ||
| 008 | 131103s9999 xx 000 0 und d | ||
| 020 |
_a521012600 _cRs.110 |
||
| 040 | _aLoreto College | ||
| 041 | _aEnglish | ||
| 082 |
_a420.7 _bRIC |
||
| 100 | _aRichards, Jack C. | ||
| 245 |
_aApproaches and methods in language teaching _cJack C.Richards and Theodore S.Rodgers |
||
| 250 | _a2nd ed | ||
| 260 |
_aCambridge _bCambridge university press _c2001 |
||
| 300 | _aix,270p. | ||
| 504 | _aIncludes index | ||
| 650 | _aEnglish language | ||
| 700 | _aRodgers, Theodore S. | ||
| 850 | _aLCBED | ||
| 942 | _cBK | ||
| 999 |
_c27657 _d78136 |
||